01551nam a2200361 a 4500001001000000003000500010005001700015008004100032010001100073011001100084040000900095090001000104100004000114245016400154260004100318500006000359502006900419590004100488590004000529590004000569590004000609650002800649650003100677650002500708650006800733856007000801901000700871942001000878942000600888999001900894952014000913952013601053000112088CHAP20220329144245.0151203s2015 mx a fsm |||||||spa d a108549 a109521 cCHAP aTesis1 aGodínez Molina, Francisco913020710aEstudio de las poblaciones de Juniperus blancoi Martínez var. blancoi (Cupressaceae) en el oriente de Méxicoh[En línea]cpor Francisco Godínez molina. aChapingo, Méx. :bEl autor,c2015. aPara ver el contenido del material haga clic en la liga aTesis (Ing. Forestal) -- UACH. División de Ciencias Forestales aBATCH-UPDb05c20151203lUCH01h0852 aE5995AHEb05c20151203lUCH01h0822 aE5995AHEb05c20151203lUCH01h0824 aE5995AHEb05c20151203lUCH01h085214aBosquesxPuebla.91437214aEcología vegetal.93518814aGimnospermas.94806614aJuniperus blancoixDistribución geográficazPuebla.9130212 aFinding aiduhttp://10.13.5.2/tesis/sist112088.pdfzTeclea aquí aBK cTESIS n0 c108549d108549 00102local4053708TESISaBCbBCcPA_TESISd2015-12-03fTESISl0oTesisp33724002514579r2019-12-31 00:00:00tc.2w2019-12-31yTESIS 00104054718TESISaBCbBCd2015-12-03fTESISl0oTesisp33724002514611r2019-12-31 00:00:00w2019-12-31yTESISzRecien adquirido